000 00604nam a2200193Ia 4500
005 20250508161905.0
008 008 250505s9999 xx 000 0 eng d
037 _aDissertations
040 _aFEDL
_beng
_cFEDL
041 _aeng
_2eng
084 _a155.5, HAR/DI
_qFEDL
100 _aHarbhajan Kaur
_9560707
245 0 _aStudy of reactions to frustrations among adolescent children in relation to intelligence and achievement
260 _c1977
300 _a105p.
546 _aM.Ed. Dissertation (Delhi University)
942 _cDIS
_h155.5, HAR/DI
999 _c1372995
_d1372995